Logo BPK

Bibliografia Prac Pracowników

Politechniki Koszalińskiej

Znaczenie faktoringu dla polityki kredytowej przedsiębiorstw / (Rekord nr 7973)

Szczegóły MARC
000 -ETYKIETA REKORDU
podpole kontrolne o stałej długości 00764naa a22001577i 4500
003 - IDENTYFIKATOR NUMERU KONTROLNEGO REKORDU
podpole kontrolne KOSZ 005
005 - DATA OSTATNIEJ MODYFIKACJI REKORDU
podpole kontrolne 20180320090316.0
008 - POLE O STAŁEJ DŁUGOŚCI - DANE KONTROLNE
podpole kontrolne o stałej długości 160308s2007 ||||| ||||0|| 0 pol
035 ## - NUMER SYSTEMOWY
Numer systemowy przejętego rekordu PBN-R:247096
040 ## - ŹRÓDŁO KATALOGOWANIA
Instytucja, która utworzyła rekord KOSZ 005/md
Instytucja, która sporządziła opis PBN-ID
Instytucja, która dokonała modyfikacji KOSZ 005
041 0# - KOD JĘZYKA
Kod języka tekstu pol
100 1# - NAZWA OSOBOWA
Nazwa osobowa ZAWADZKA, Danuta.
Lata pracy 2007-2011.
Instytucja Politechnika Koszalińska - Instytut Ekonomii i Zarządzania,
Wydział Zakład Finansów
245 10 - TYTUŁ/ODPOWIEDZIALNOŚĆ
Tytuł Znaczenie faktoringu dla polityki kredytowej przedsiębiorstw /
Pozostałe elementy strefy tytułu i oznaczenia odpowiedzialności Danuta Zawadzka.
773 08 - TYTUŁ DOKUMENTU MACIERZYSTEGO
Wyrażenie wprowadzające W:
Tytuł Zarządzanie finansami firm : teoria i praktyka / red. nauk. Wiesław Pluta. -
Adres wydawniczy Wrocław : Wydaw. Akademii Ekonomicznej, 2007. -
Informacje dotyczące relacji s. 676-682.
Strefa serii Prace Naukowe Akademii Ekonomicznej im. Oskara Langego we Wrocławiu ; nr 1152.
ISSN 0324-8445
942 ## - HASŁO DODATKOWE - ELEMENTY(KOHA)
Typ dokumentu Artykuł
Schemat klasyfikacji Uniwersalna klasyfikacja dziesiętna

Brak dostępnych egzemplarzy.

© 2014 Biblioteka Politechniki Koszalińskiej :: BIBLIOGRAFIA PRAC PRACOWNIKÓW